000 01161cad a22002055a 4500
001 E150285
008 100621s2010 xxk f 000 0 eng d
035 _a(Sirsi) u150285
041 0 _aeng
110 2 _aRegisters of Scotland
_95601
245 0 0 _aRegisters of Scotland
_bfee review 2010, consultation paper
_h[electronic resource]
260 _aGlasgow
_bROS
_c2010
505 2 _aBackground -- Proposed changes to registration and recording fees -- Proposed changes to information fees -- Proposed changes to report fees -- Proposed changes to miscellaneous services fees -- Proposed changes to CAJR fees -- Summary -- Annexes
520 _aA consultation on proposals to change the levels of various fees charged by Registers of Scotland (RoS), which are calculated on the principle of full cost recovery. Current fees are resulting in RoS making an unsustainable annual loss. Deadline for responses is 10 September 2010.
590 _aKA
651 4 _aScotland
_y1999-
690 _aPROPERTY-ACQUISITION AND DISPOSAL OF PROPERTY
856 4 0 _uhttps://www.ros.gov.uk/feereview2010/
_zView the consultation free of charge at www.ros.gov.uk
942 _n0
999 _c110819
_d110819